Las normas que acogen conceptos els̀ticos o formulaciones abiertas

Bibliographic Details
Main Author: Luna Serrano, Agustin
Format: eBook
Language:Spanish
Published: Madrid: Dykinson, 2019
Subjects:
Online Access:Acceso restringido

MARC

LEADER 00000nam a22000007a 4500
005 20191115103830.0
007 cr|||| ||||
008 191115s2019 es |||||s|||| 00||0 spa d
020 |a 978-84-1324-403-7 
035 |a 30619 
040 |a vLex 
090 |c 10021  |d 10021 
100 1 |a Luna Serrano, Agustin 
245 1 3 |a Las normas que acogen conceptos els̀ticos o formulaciones abiertas  |h [Recurso electrn̤ico] /  |c Agustin Luna Serrano 
256 |a Servicio en ln̕ea 
260 |a Madrid:  |b Dykinson,  |c 2019 
300 |a 1 recurso electrn̤ico 
500 |a En el conjunto del ordenamiento aparecen con frecuencia, al lado de las normas que expresan principios generales y de las ms̀ habituales reglas ordinarias de contenido especf̕ico preciso, normas que acogen conceptos els̀ticos o formulaciones abiertas, las cuales, si en un cierto momento fueron vistas, pese a la antigüedad y el prestigio de algunas de ellas, con no pocas reticencias, se consideran hoy constitutivas de una tčnica insuprimible de la conformacin̤ del derecho escrito. Entre tales normas se encuentran las que contienen clùsulas generales en sentido estricto (como la buena fe, la moral o el orden pb︢lico), conceptos jurd̕icos indeterminados (como, entre tants̕imos otros, el interš del menor, la situacin̤ de desamparo, el cabal juicio, el extraordinario valor o la remuneracin̤ suficiente), modelos de apreciacin̤ referencial (como los de buen padre de familia, administrador leal o buen labrador) y parm̀etros de ponderacin̤ (como los de proporcionalidad, razonabilidad y, en una de las dos acepciones legislativas de la misma, equidad). Con los lm̕ites de una cierta contenida extensin̤, esta monografa̕ se propone examinar, adems̀ de la configuracin̤ diferenciada de tales enunciados legales, su significacin̤ disciplinar y la aplicacin̤ de los mismos en la actividad judicial. 
506 1 |a Disponible solo en los productos indicados  |d vLex Global  |d vLex Global (Academic Edition, excluding Law Schools)  |d vLex Global (U.S. Academic Edition, Law Schools)  |d vLex Global (U.S. Academic Edition, excluding Law Schools)  |d vLex Global (Academic Edition, Law Schools) 
650 0 4 |a Derecho Civil  |z Espaą 
740 0 |a vLex Libros (Servicio en ln̕ea) 
856 4 0 |u http://vlex.com/source/normas-que-acogen-conceptos-elasticos-o-formulaciones-abiertas-30619  |z Acceso restringido 
942 |c BOOK 
999 0 |a Civil Law